Largest Cities In Mexico - Statistics

General Stats
  • This quiz has been taken 106 times
    101 since last reset
  • The average score is 10 of 20
Answer Stats
Population Cities % Correct
8,851,080 Mexico City
98%
1,495,219 Guadalajara
92%
1,300,983 Tijuana
88%
1,135,512 Monterey
87%
1,321,004 Juarez
77%
1,434,062 Puebla
72%
777,615 Merida
66%
1,238,962 Leon
64%
809,232 Chihuahua
53%
772,722 San Luis Potosi
47%
1,655,118 Ecatepec
46%
689,755 Mexicali
44%
722,250 Aguascalientes
39%
715,061 Hermosillo
37%
675,773 Culiacan
32%
709,671 Saltillo
27%
1,104,585 Nezahualcoyotl
22%
1,142,483 Zapopan
21%
792,211 Naucalpan
12%
673,616 Guadalupe
9%
No matching quizzes found
Score Distribution
Percent of People with Each Score
Percentile by Number Answered
Your Score History
You have not taken this quiz since the last reset